banner-ar

التليفزيون والطفل : دراسة تجريبية لاثر التليفزيون على النشء / (Record no. 45850)

MARC details
000 -الفاتح
حقل البيانات ثابتة الطول 00909nam a2200253Ia 4500
008 - عناصر البيانات ثابتة الطول - معلومات عامة
حقل البيانات ثابتة الطول 140319s9999 xx 000 0 ara d
040 ## - مصدر الفهرسة
وكالة الفهرسة الأصلية GCL /
وكالة النسخ GCL
082 04 - رقم تصنيف ديوى العشرى
رقم التصنيف 301.161
رقم المادة هـ ت
100 1# - المدخل الرئيسى - إسم شخصى
الإسم الشخصى محمود شكرى العدوى (مترجم)
245 10 - بيان العنوان
العنوان التليفزيون والطفل : دراسة تجريبية لاثر التليفزيون على النشء /
بيان المسئوليه,etc محمود شكرى العدوى (مترجم)
700 1# - المدخل الاضافى - اسم شخصى
الإسم الشخصى سعد لبيب
700 1# - المدخل الاضافى - اسم شخصى
الإسم الشخصى هيملويت , هيلد ت
700 1# - المدخل الاضافى - اسم شخصى
الإسم الشخصى اوبنهايم , ا.ن
700 1# - المدخل الاضافى - اسم شخصى
الإسم الشخصى فينس، باميلا
700 1# - المدخل الاضافى - اسم شخصى
الإسم الشخصى احمد سعيد عبدالحليم
300 ## - الوصف المادى
التعداد 462 ص
490 ## - بيان السلسلة
عنوان السلسلة الالف كتاب
رقم المجلد/ التعيين التسلسلي 0
650 04 - المدخل الاضافى بالموضوع-مصطلح موضوعى
مصطلح موضوعي التليفزيون
650 04 - المدخل الاضافى بالموضوع-مصطلح موضوعى
مصطلح موضوعي التليفزيون والاطفال
650 04 - المدخل الاضافى بالموضوع-مصطلح موضوعى
مصطلح موضوعي التليفزيون التعليمى
650 04 - المدخل الاضافى بالموضوع-مصطلح موضوعى
مصطلح موضوعي الاعلام - اطفال
942 ## - عناصر المدخل الإضافي( كوها)
مصدر التصنيف او مخطط الترفيف Dewey Decimal Classification
Koha [default] item type كتاب
Holdings
حالة التراجع حالة الفقد حالة تلف ليس للاعارة المكان المؤقت الموقع الحالى تاريخ الاكتساب اجمالي اﻻعارات رقم الطلب الباركود تاريخ اخر مشاهدة تاريخ تفعيل السعر نوع وعاء كوها
        مكتبة القاهرة الكبرى مكتبة القاهرة الكبرى 03/26/2014   301.161\هـ ت 111736 03/26/2014 03/26/2014 كتاب

Powered By

EGPV